书目信息 |
| 题名: |
四级词汇记与考
|
|
| 作者: | 徐筠 主编 | |
| 分册: | ||
| 出版信息: | 武汉 华中工学院出版社 2003.07 |
|
| 页数: | 435页 | |
| 开本: | 19cm | |
| 丛书名: | ||
| 单 册: | ||
| 中图分类: | H313-42 | |
| 科图分类: | ||
| 主题词: | 英语--词汇--高等教育--自学参考资料 | |
| 电子资源: | ||
| ISBN: | 7-5609-2903-6 | |
| 000 | 00906nam0 2200241 450 | |
| 001 | 0135579593 | |
| 005 | 20050905155454.97 | |
| 010 | @a7-5609-2903-6@dCNY16.80 | |
| 100 | @a20050414d2003 km y0chiy0120 ea | |
| 101 | 0 | @achi@aeng |
| 102 | @aCN@b420000 | |
| 105 | @ay z 000yy | |
| 200 | 1 | @a四级词汇记与考@Asi ji ci hui ji yu kao@f徐筠主编@Fxu jun zhu bian |
| 210 | @a武汉@c华中工学院出版社@d2003.07 | |
| 215 | @a435页@d19cm | |
| 312 | @a英文并列题名取自封面。 | |
| 330 | @a本书根据历年实考试题分析及教学经验,将《大学英语教学大纲》中规定的四级词汇分成“记”与“考”两部分。书中包括单词的注音、释义;常见的派生词、短语搭配、复合词、谚语;近义词、近形词、近音词辨析与例句等。 | |
| 510 | 1 | @aCollege English test for band 4@zeng |
| 606 | 0 | @a英语@x词汇@x高等教育@x自学参考资料 |
| 690 | @aH313-42@v4 | |
| 701 | 0 | @a徐筠@Axu jun@4主编 |
| 801 | 0 | @aCN@bQSSK@c20050905 |
| 905 | @a10447@dH313-42@eX670 | |
| 四级词汇记与考/徐筠主编.-武汉:华中工学院出版社,2003.07 |
| 435页;19cm |
| ISBN 7-5609-2903-6:CNY16.80 |
| 本书根据历年实考试题分析及教学经验,将《大学英语教学大纲》中规定的四级词汇分成“记”与“考”两部分。书中包括单词的注音、释义;常见的派生词、短语搭配、复合词、谚语;近义词、近形词、近音词辨析与例句等。 |
| ● |
| 相关链接 |
|
|
|
正题名:四级词汇记与考
索取号:H313-42/X670
 
预约/预借
| 序号 | 登录号 | 条形码 | 馆藏地/架位号 | 状态 | 备注 |
| 1 | 529215 | 205292155 | 自科二线504/504自科库 46排1列1层/ [索取号:H313-42/X670] | 在馆 | |
| 2 | 529216 | 205292164 | 自科二线504/504自科库 28排2列2层/ [索取号:H313-42/X670] | 在馆 | |
| 3 | 529217 | 205292173 | 自科二线504/504自科库 46排1列1层/ [索取号:H313-42/X670] | 在馆 |